000 00496nam a2200145 a 4500
001 000038567
005 20201002031311.0
008 130705s1993 dr 000 0 spa d
040 _aDO-SdBNP
_bspa
_cBNPHU
110 1 _aRepública Dominicana
_bSecretaría de Estado de Trabajo
_9491
240 1 0 _a[Leyes, etc.]
245 1 0 _aReglamento y resoluciones para la aplicación del código del trabajo.
260 _aSanto Domingo :
_bSecretaría de Estado de Trabajo,
_c1993.
300 _a69 p. ;
_c21 cm.
999 _c38057
_d38057